[Event "Bodensee Seniors op"]
[Site "Bregenz"]
[Date "2019.05.30"]
[Round "5"]
[White "Peterlunger, Erich"]
[Black "Scharping, Hans Martin"]
[Result "1/2-1/2"]
[WhiteElo "1853"]
[BlackElo "1967"]
[PlyCount "27"]
[EventDate "2019.05.26"]
[EventType "swiss"]
[EventRounds "7"]
[EventCountry "AUT"]
[SourceTitle "CBM 190 Extra"]
[Source "ChessBase"]
[SourceDate "2019.07.15"]
[SourceVersion "1"]
[SourceVersionDate "2019.07.15"]
[SourceQuality "1"]

1. e4 Nc6 2. d4 d5 3. e5 Bf5 4. Nf3 e6 5. Bd3 Nge7 6. c3 Qd7 7. 0-0 f6 8. Re1 Bxd3 9. Qxd3 f5 10. Nbd2 Ng6 11. b4 a6 12. Nb3 b6 13. a4 Nd8 14. a5 1/2-1/2

[Event "Bodensee Seniors op"]
[Site "Bregenz"]
[Date "2019.05.29"]
[Round "4"]
[White "Scharping, Hans Martin"]
[Black "Habibi, Ali"]
[Result "0-1"]
[WhiteElo "1967"]
[BlackElo "2219"]
[PlyCount "106"]
[EventDate "2019.05.26"]
[EventType "swiss"]
[EventRounds "7"]
[EventCountry "AUT"]
[SourceTitle "CBM 190 Extra"]
[Source "ChessBase"]
[SourceDate "2019.07.15"]
[SourceVersion "1"]
[SourceVersionDate "2019.07.15"]
[SourceQuality "1"]

1. d4 c5 2. d5 Nf6 3. c4 b5 4. cxb5 a6 5. e3 g6 6. Nc3 Bg7 7. Nf3 d6 8. a4 0-0 9. Be2 axb5 10. Bxb5 Na6 11. 0-0 Nb4 12. e4 Bg4 13. Be2 Qc7 14. h3 Bd7 15. Bf4 Rfb8 16. Re1 Ne8 17. Bf1 f6 18. Nd2 f5 19. Nc4 fxe4 20. Nxe4 Bf5 21. f3 Qb7 22. g4 Bd7 23. Nc3 Bf6 24. Qd2 Nc7 25. Rad1 Rf8 26. Bg2 Bxa4 27. Nxa4 Rxa4 28. Bh6 Rf7 29. f4 Qb5 30. Ne5 dxe5 31. fxe5 Bg7 32. Bxg7 Kxg7 33. d6 Ne6 34. d7 Rf8 35. Rf1 Rxf1+ 36. Bxf1 c4 37. d8Q Nxd8 38. Qxd8 Qxe5 39. Bg2 Ra6 40. Qc8 Qe6 41. Qb8 Qb6+ 42. Qxb6 Rxb6 43. Rd4 Nd3 44. Rxc4 Rxb2 45. g5 Rb5 46. h4 Rb1+ 47. Kh2 Rb2 48. Kg3 Rb3 49. Kh2 Ne5 50. Ra4 h6 51. Bd5 Rb5 52. Rd4 hxg5 53. hxg5 e6 0-1

[Event "Bodensee Seniors op"]
[Site "Bregenz"]
[Date "2019.05.27"]
[Round "2"]
[White "Dobosz, Henryk"]
[Black "Scharping, Hans Martin"]
[Result "1-0"]
[WhiteElo "2405"]
[BlackElo "1967"]
[PlyCount "89"]
[EventDate "2019.05.26"]
[EventType "swiss"]
[EventRounds "7"]
[EventCountry "AUT"]
[SourceTitle "CBM 190 Extra"]
[Source "ChessBase"]
[SourceDate "2019.07.15"]
[SourceVersion "1"]
[SourceVersionDate "2019.07.15"]
[SourceQuality "1"]

1. g3 Nf6 2. Bg2 g6 3. d4 Bg7 4. c4 0-0 5. Nc3 d6 6. Nf3 Nc6 7. 0-0 a6 8. a3 Rb8 9. b4 e5 10. d5 Ne7 11. e4 Nd7 12. Qb3 h6 13. Nd2 b6 14. Bb2 f5 15. exf5 gxf5 16. f4 e4 17. Nd1 Nf6 18. Ne3 Qe8 19. a4 Qg6 20. b5 a5 21. Kf2 Rf7 22. Rg1 h5 23. Bf1 Ng4+ 24. Nxg4 hxg4 25. Rh1 Bd7 26. Bg2 Re8 27. Nf1 Kf8 28. h3 gxh3 29. Rxh3 Ng8 30. Ne3 Nf6 31. Rah1 Ke7 32. Bf1 Rg8 33. Be2 Kf8 34. Bc3 Ng4+ 35. Bxg4 fxg4 36. Rh5 Bxc3 37. Qxc3 Qf6 38. Qxf6 Rxf6 39. Rh7 Rf7 40. Rxf7+ Kxf7 41. Rh7+ Rg7 42. Rxg7+ Kxg7 43. Nd1 Kf6 44. Ke3 Be8 45. Nf2 1-0

[Event "Hofheim Spring op 7th"]
[Site "Hofheim"]
[Date "2019.04.26"]
[Round "7"]
[White "Kirchhof, Arno"]
[Black "Scharping, Hans Martin"]
[Result "0-1"]
[WhiteElo "1957"]
[BlackElo "1966"]
[PlyCount "32"]
[EventDate "2019.04.23"]
[EventType "swiss"]
[EventRounds "9"]
[EventCountry "GER"]
[SourceTitle "CBM 190 Extra"]
[Source "ChessBase"]
[SourceDate "2019.07.15"]
[SourceVersion "1"]
[SourceVersionDate "2019.07.15"]
[SourceQuality "1"]

1. d4 d5 2. Nf3 c6 3. c4 Nf6 4. e3 e6 5. b3 Ne4 6. Bd3 f5 7. 0-0 Nd7 8. Qc2 Bd6 9. Ba3 Bxa3 10. Nxa3 Qe7 11. Nb1 0-0 12. Nc3 b6 13. a3 Bb7 14. b4 Rac8 15. c5 e5 16. Qb3 Nxc3 0-1

[Event "Hofheim Spring op 7th"]
[Site "Hofheim"]
[Date "2019.04.24"]
[Round "2"]
[White "Sever, Mustafa Batuhan"]
[Black "Scharping, Hans Martin"]
[Result "1/2-1/2"]
[WhiteElo "2068"]
[BlackElo "1966"]
[PlyCount "24"]
[EventDate "2019.04.23"]
[EventType "swiss"]
[EventRounds "9"]
[EventCountry "GER"]
[SourceTitle "CBM 190 Extra"]
[Source "ChessBase"]
[SourceDate "2019.07.15"]
[SourceVersion "1"]
[SourceVersionDate "2019.07.15"]
[SourceQuality "1"]

1. e4 Nc6 2. d4 d5 3. exd5 Qxd5 4. Nf3 Bg4 5. Be2 0-0-0 6. Be3 Nf6 7. c4 Qh5 8. Nbd2 e6 9. 0-0 Bb4 10. h3 Bxd2 11. Bxd2 Nxd4 12. Nxd4 Bxe2 1/2-1/2

[Event "Wiesbaden op 30th"]
[Site "Wiesbaden"]
[Date "2018.08.26"]
[Round "7"]
[White "Scharping, Hans Martin"]
[Black "Weiland, Thomas"]
[Result "1/2-1/2"]
[WhiteElo "1984"]
[BlackElo "1804"]
[PlyCount "41"]
[EventDate "2018.08.23"]
[EventType "swiss"]
[EventRounds "7"]
[EventCountry "GER"]
[SourceTitle "CBM 186 Extra"]
[Source "ChessBase"]
[SourceDate "2018.08.24"]
[SourceVersion "1"]
[SourceVersionDate "2018.08.24"]
[SourceQuality "1"]

1. d4 f5 2. b3 Nf6 3. Bb2 g6 4. Nf3 Bg7 5. g3 d6 6. Bg2 c6 7. 0-0 0-0 8. Nbd2 Na6 9. c4 Bd7 10. Ne1 Nc7 11. Nd3 a5 12. a3 Rb8 13. Bc3 Na6 14. b4 axb4 15. axb4 Nc7 16. e4 fxe4 17. Nxe4 Nxe4 18. Bxe4 Ra8 19. Qd2 Bf5 20. Bxf5 Rxf5 21. Rfe1 1/2-1/2

[Event "Wiesbaden op 30th"]
[Site "Wiesbaden"]
[Date "2018.08.23"]
[Round "1"]
[White "Scharping, Hans Martin"]
[Black "Martin, Lukas"]
[Result "1-0"]
[WhiteElo "1984"]
[BlackElo "1526"]
[PlyCount "63"]
[EventDate "2018.08.23"]
[EventType "swiss"]
[EventRounds "7"]
[EventCountry "GER"]
[SourceTitle "CBM 186 Extra"]
[Source "ChessBase"]
[SourceDate "2018.08.24"]
[SourceVersion "1"]
[SourceVersionDate "2018.08.24"]
[SourceQuality "1"]

1. d4 d5 2. c4 e6 3. Nc3 Nf6 4. Bg5 h6 5. Bh4 Nbd7 6. Nf3 c5 7. cxd5 cxd4 8. Nxd4 exd5 9. e3 Bb4 10. Be2 Qa5 11. 0-0 Bxc3 12. bxc3 Qxc3 13. Nb5 Qa5 14. Bg3 0-0 15. Bd6 Re8 16. Nc7 Re6 17. Nxe6 fxe6 18. Qd4 b6 19. Rfc1 Ne4 20. Bb4 Qa4 21. Bd1 Qb5 22. a4 Qa6 23. a5 Qb7 24. Rab1 e5 25. Qa1 Ndf6 26. Qxe5 Qf7 27. Rb2 Ba6 28. Bf3 Re8 29. Qf4 g5 30. Qf5 Bb5 31. Bxe4 Bd7 32. Qg6+ 1-0

[Event "Hofheim Spring op 6th"]
[Site "Hofheim"]
[Date "2018.04.03"]
[Round "1"]
[White "Pogan, Nikolas"]
[Black "Scharping, Hans Martin"]
[Result "1-0"]
[WhiteElo "2223"]
[BlackElo "2039"]
[PlyCount "63"]
[EventDate "2018.04.03"]
[EventType "swiss"]
[EventRounds "9"]
[EventCountry "GER"]
[SourceTitle "CBM 183 Extra"]
[Source "ChessBase"]
[SourceDate "2018.04.19"]
[SourceVersion "1"]
[SourceVersionDate "2018.04.19"]
[SourceQuality "1"]

1. d4 d5 2. Nf3 Nf6 3. c4 c6 4. e3 e6 5. Bd3 dxc4 6. Bxc4 Nbd7 7. Nc3 b5 8. Bd3 a6 9. 0-0 c5 10. a4 b4 11. Ne4 Bb7 12. Ned2 Bd6 13. Re1 Bc7 14. b3 0-0 15. Bb2 Qe7 16. Rc1 Rac8 17. Qe2 a5 18. Ne5 cxd4 19. exd4 Rfd8 20. Ndc4 Nxe5 21. dxe5 Ne8 22. Red1 Qh4 23. g3 Qe7 24. Qe3 Ba8 25. h4 h5 26. Qa7 Rd7 27. Be2 g6 28. Nb6 Rxd1+ 29. Rxd1 Rd8 30. Nxa8 Rxd1+ 31. Bxd1 Qd8 32. Bf3 1-0

[Event "Stuttgart-chA int"]
[Site "Ditzingen"]
[Date "2013.05.11"]
[Round "5"]
[White "Bergauz, Noam"]
[Black "Scharping, Hans Martin"]
[Result "1-0"]
[WhiteElo "1900"]
[BlackElo "2120"]
[PlyCount "45"]
[EventDate "2013.05.09"]
[EventType "swiss"]
[EventRounds "7"]
[EventCountry "GER"]
[SourceTitle "EXT 2014"]
[Source "ChessBase"]
[SourceDate "2013.11.20"]
[SourceVersion "1"]
[SourceVersionDate "2013.11.20"]
[SourceQuality "1"]

1. e4 Nc6 2. Nf3 d5 3. exd5 Qxd5 4. Nc3 Qa5 5. g3 Nf6 6. Bg2 Bg4 7. d3 e6 8. h3 Bh5 9. 0-0 Bd6 10. a3 0-0-0 11. Be3 Qf5 12. g4 Nxg4 13. hxg4 Bxg4 14. Ne4 Ne5 15. Nd4 Qh5 16. f3 f5 17. Nxd6+ Rxd6 18. Nb5 Rd7 19. Bf4 Bh3 20. Bxe5 Rd5 21. Nxa7+ Kb8 22. f4 Bg4 23. Qe1 1-0

[Event "Stuttgart-chA int"]
[Site "Ditzingen"]
[Date "2008.05.03"]
[Round "6"]
[White "Notegger, Peter"]
[Black "Scharping, Hans Martin"]
[Result "1/2-1/2"]
[WhiteElo "1952"]
[BlackElo "2138"]
[PlyCount "28"]
[EventDate "2008.05.01"]
[EventType "swiss"]
[EventRounds "7"]
[EventCountry "GER"]
[SourceTitle "EXT 2018"]
[Source "ChessBase"]
[SourceDate "2017.10.13"]
[SourceVersion "1"]
[SourceVersionDate "2017.10.13"]
[SourceQuality "1"]

1. f4 c5 2. b3 Nc6 3. e3 Nf6 4. Nf3 d6 5. Bb2 e6 6. a3 Be7 7. Bd3 Rb8 8. 0-0 b5 9. Ra2 Na5 10. Bc3 Bd7 11. Qe1 d5 12. Ne5 c4 13. bxc4 bxc4 14. Be2 Nc6 1/2-1/2

[Event "Stuttgart-chA int"]
[Site "Gerlingen"]
[Date "2007.05.20"]
[Round "7"]
[White "Stock, Juergen"]
[Black "Scharping, Hans Martin"]
[Result "1/2-1/2"]
[WhiteElo "2048"]
[BlackElo "2147"]
[PlyCount "42"]
[EventDate "2007.05.17"]
[EventType "swiss"]
[EventRounds "7"]
[EventCountry "GER"]
[SourceTitle "EXT 2018"]
[Source "ChessBase"]
[SourceDate "2017.10.13"]
[SourceVersion "1"]
[SourceVersionDate "2017.10.13"]
[SourceQuality "1"]

1. d4 f5 2. f4 Nf6 3. e3 g6 4. Nd2 Bg7 5. Bd3 0-0 6. Ngf3 b6 7. Qe2 Bb7 8. 0-0 c5 9. c3 Nc6 10. Ng5 e6 11. Rf3 Qc7 12. Rh3 Rad8 13. Qf2 h6 14. Qh4 Rfe8 15. Ngf3 Ne7 16. g4 Ne4 17. Be2 Nd6 18. Ne5 a6 19. Ndf3 c4 20. Nd2 b5 21. a3 a5 1/2-1/2

[Event "Stuttgart-chA int"]
[Site "Gerlingen"]
[Date "2007.05.19"]
[Round "5"]
[White "Schlachetzki, Horst"]
[Black "Scharping, Hans Martin"]
[Result "0-1"]
[WhiteElo "1984"]
[BlackElo "2147"]
[PlyCount "68"]
[EventDate "2007.05.17"]
[EventType "swiss"]
[EventRounds "7"]
[EventCountry "GER"]
[SourceTitle "EXT 2018"]
[Source "ChessBase"]
[SourceDate "2017.10.13"]
[SourceVersion "1"]
[SourceVersionDate "2017.10.13"]
[SourceQuality "1"]

1. e4 Nc6 2. Nf3 d5 3. exd5 Qxd5 4. Nc3 Qa5 5. Bc4 Nf6 6. d3 Bg4 7. h3 Qh5 8. Bb5 e6 9. a3 Bd6 10. Bd2 0-0 11. Bxc6 bxc6 12. Qe2 Bxf3 13. Qxf3 Qxf3 14. gxf3 Nd5 15. Ne4 f5 16. Nxd6 cxd6 17. h4 e5 18. 0-0-0 f4 19. c4 Nc7 20. Bc3 c5 21. Kc2 a5 22. Rde1 a4 23. Rb1 Rfb8 24. Rhg1 Rb3 25. Rh1 Ne6 26. Kd1 Rab8 27. Ra1 R3b7 28. Rh3 Kf7 29. Rb1 Kf6 30. Kd2 Kf5 31. Rg1 h6 32. Rg2 g6 33. Rg1 Nd4 34. Ra1 Nb3+ 0-1

[Event "Stuttgart-chA int"]
[Site "Gerlingen"]
[Date "2007.05.18"]
[Round "3"]
[White "Zikeli, Saskia"]
[Black "Scharping, Hans Martin"]
[Result "1/2-1/2"]
[WhiteElo "2077"]
[BlackElo "2147"]
[PlyCount "73"]
[EventDate "2007.05.17"]
[EventType "swiss"]
[EventRounds "7"]
[EventCountry "GER"]
[SourceTitle "EXT 2018"]
[Source "ChessBase"]
[SourceDate "2017.10.13"]
[SourceVersion "1"]
[SourceVersionDate "2017.10.13"]
[SourceQuality "1"]

1. e4 Nc6 2. d4 d5 3. exd5 Qxd5 4. Be3 e5 5. c4 Qa5+ 6. Bd2 Bb4 7. d5 Nd4 8. Bd3 Nf6 9. f3 0-0 10. Ne2 Re8 11. 0-0 Bxd2 12. Qxd2 Qb6 13. Kh1 Bf5 14. Nbc3 Bxd3 15. Qxd3 c5 16. b3 Nh5 17. Qd2 Qg6 18. Ne4 Nxe2 19. Qxe2 Qh6 20. Qf2 b6 21. Rad1 f5 22. Ng3 Nxg3+ 23. Qxg3 Qf6 24. Rde1 Re7 25. Re2 Rae8 26. Qe1 Qg6 27. Qd2 Qf6 28. Qc2 g6 29. h3 e4 30. fxe4 Qe5 31. Rfe1 fxe4 32. Re3 Qd4 33. Qc3 Kg7 34. Rd1 Qxc3 35. Rxc3 Kf6 36. Re3 Ke5 37. Kg1 1/2-1/2

[Event "Stuttgart-chA int"]
[Site "Ditzingen"]
[Date "2005.05.05"]
[Round "1"]
[White "Hansen, Marc"]
[Black "Scharping, Hans Martin"]
[Result "1/2-1/2"]
[WhiteElo "1891"]
[BlackElo "2147"]
[PlyCount "35"]
[EventDate "2005.05.05"]
[EventType "swiss"]
[EventRounds "7"]
[EventCountry "GER"]
[SourceTitle "EXT 2018"]
[Source "ChessBase"]
[SourceDate "2017.10.13"]
[SourceVersion "1"]
[SourceVersionDate "2017.10.13"]
[SourceQuality "1"]

1. e4 c5 2. Nf3 Nf6 3. Nc3 d5 4. exd5 Nxd5 5. Bb5+ Bd7 6. Bxd7+ Qxd7 7. Nxd5 Qxd5 8. 0-0 g6 9. d4 Nc6 10. dxc5 Qxc5 11. Qe2 Bg7 12. Be3 Qa5 13. c3 0-0 14. Rfd1 Rad8 15. Qc4 Rxd1+ 16. Rxd1 Rd8 17. Rxd8+ Qxd8 18. h3 1/2-1/2

[Event "Germany op"]
[Site "Germany"]
[Date "2004.05.20"]
[Round "2"]
[White "Haub, Thorsten Michael"]
[Black "Scharping, Hans Martin"]
[Result "1-0"]
[WhiteElo "2406"]
[BlackElo "2142"]
[PlyCount "41"]
[EventDate "2004.05.??"]
[EventType "swiss"]
[EventRounds "7"]
[EventCountry "GER"]
[SourceTitle "EXT 2005"]
[Source "ChessBase"]
[SourceDate "2004.11.15"]
[SourceVersion "1"]
[SourceVersionDate "2004.11.15"]
[SourceQuality "1"]

1. Nf3 c5 2. g3 Nc6 3. d3 g6 4. Bg2 Bg7 5. 0-0 d6 6. e4 Rb8 7. a4 a6 8. c3 e6 9. d4 cxd4 10. cxd4 Nge7 11. Nc3 0-0 12. d5 exd5 13. exd5 Ne5 14. Nxe5 Bxe5 15. Bg5 f6 16. Bc1 f5 17. Bg5 Re8 18. Re1 Kf7 19. Rxe5 dxe5 20. d6 Be6 21. Bxe7 1-0

[Event "Stuttgart-chA"]
[Site "Stuttgart"]
[Date "2004.??.??"]
[Round "?"]
[White "Haecker, Alexander"]
[Black "Scharping, Hans Martin"]
[Result "1-0"]
[WhiteElo "2240"]
[BlackElo "2140"]
[PlyCount "81"]
[EventDate "2004.05.20"]
[EventType "swiss"]
[EventRounds "7"]
[EventCountry "GER"]
[SourceTitle "EXT 2007"]
[Source "ChessBase"]
[SourceDate "2006.11.23"]
[SourceVersion "1"]
[SourceVersionDate "2006.11.23"]
[SourceQuality "1"]

1. e4 c5 2. Nf3 Nf6 3. Nc3 d5 4. e5 d4 5. exf6 dxc3 6. fxe7 cxd2+ 7. Bxd2 Bxe7 8. Bc3 0-0 9. Qxd8 Rxd8 10. Bd3 Nc6 11. 0-0-0 Be6 12. Be4 Rac8 13. a4 b6 14. Ne5 Nxe5 15. Bxe5 Rxd1+ 16. Rxd1 Rd8 17. Rxd8+ Bxd8 18. Bb7 a5 19. Kd2 f6 20. Bg3 Kf7 21. Kc3 f5 22. Kd3 g5 23. Be5 Bf6 24. Bc7 c4+ 25. Ke3 Bxb2 26. Bxb6 Bc3 27. Bc6 Be1 28. Bd4 c3 29. Ke2 Bd2 30. Kd3 f4 31. Bxc3 Bxc3 32. Kxc3 Ke7 33. Kd4 Kd6 34. Bb5 Bd5 35. g3 h5 36. c4 Bf3 37. c5+ Kc7 38. gxf4 gxf4 39. Ke5 Bc6 40. Bxc6 Kxc6 41. Kxf4 1-0

[Event "Stuttgart-chA"]
[Site "Stuttgart"]
[Date "2004.??.??"]
[Round "?"]
[White "Maeurer, Christoph"]
[Black "Scharping, Hans Martin"]
[Result "1/2-1/2"]
[WhiteElo "2300"]
[BlackElo "2140"]
[PlyCount "52"]
[EventDate "2004.05.20"]
[EventType "swiss"]
[EventRounds "7"]
[EventCountry "GER"]
[SourceTitle "EXT 2007"]
[Source "ChessBase"]
[SourceDate "2006.11.23"]
[SourceVersion "1"]
[SourceVersionDate "2006.11.23"]
[SourceQuality "1"]

1. g3 c5 2. f4 d5 3. Bg2 Nc6 4. Nf3 g6 5. 0-0 Bg7 6. d3 Nf6 7. c3 0-0 8. Na3 b6 9. Qa4 Bb7 10. e4 dxe4 11. dxe4 Qd3 12. Ne1 Qd7 13. e5 Nd5 14. Qc2 Rad8 15. Nf3 f6 16. Qe2 Qg4 17. e6 Nc7 18. Re1 Rd6 19. Qf2 Rxe6 20. Be3 Rd6 21. Nc4 Rd3 22. Bf1 Rdd8 23. a4 e5 24. Nfd2 Nd5 25. h3 Qd7 26. Ne4 exf4 1/2-1/2

[Event "Passau op 6th"]
[Site "Passau"]
[Date "1998.04.12"]
[Round "5"]
[White "Scharping, Hans Martin"]
[Black "Meyer, Joerg Dieter"]
[Result "1-0"]
[WhiteElo "2050"]
[BlackElo "1874"]
[PlyCount "125"]
[EventDate "1998.04.10"]
[EventType "swiss"]
[EventRounds "7"]
[EventCountry "GER"]
[SourceTitle "EXT 1999"]
[Source "ChessBase"]
[SourceDate "1998.11.16"]
[SourceVersion "1"]
[SourceVersionDate "1998.11.16"]
[SourceQuality "1"]

1. Nf3 c5 2. c4 Nf6 3. Nc3 d5 4. cxd5 Nxd5 5. g3 Nc6 6. Bg2 Nc7 7. d3 e5 8. 0-0 Be7 9. a3 0-0 10. Rb1 f6 11. Bd2 Be6 12. Ne4 Na6 13. Qc2 Rc8 14. Rfc1 Nd4 15. Qd1 Ba2 16. Nxd4 exd4 17. Ra1 Bd5 18. Be1 f5 19. Nd2 Nc7 20. Nf3 Ne6 21. b4 f4 22. Rab1 g5 23. bxc5 g4 24. Nd2 Bxg2 25. Kxg2 Qd5+ 26. Kg1 Ng5 27. Qb3 Qxb3 28. Nxb3 fxg3 29. hxg3 Ne6 30. Rc4 Bxc5 31. Nxc5 Rxc5 32. Rxb7 Re5 33. Bb4 Ra8 34. Kf1 a5 35. Bd2 Re8 36. Bh6 Rh5 37. Bd2 Re5 38. Bh6 Rh5 39. Bf4 Rf5 40. Ra7 Nxf4 41. gxf4 Rxf4 42. Rcc7 h5 43. Rg7+ Kf8 44. Rh7 Kg8 45. Rag7+ Kf8 46. Rg5 g3 47. Rxg3 Re5 48. Rgg7 Ref5 49. f3 Re5 50. Rd7 Kg8 51. Rdg7+ Kf8 52. Ra7 Kg8 53. Rhg7+ Kf8 54. Rgd7 Rh4 55. Rd8+ Re8 56. Rxe8+ Kxe8 57. Rxa5 Ke7 58. Kg2 Ke6 59. a4 Kd6 60. Rg5 Kc6 61. a5 Kb7 62. Re5 Ka6 63. Re4 1-0

[Event "Passau op 6th"]
[Site "Passau"]
[Date "1998.04.11"]
[Round "3"]
[White "Scharping, Hans Martin"]
[Black "Bernauer, Stefan"]
[Result "1-0"]
[WhiteElo "2050"]
[BlackElo "1770"]
[PlyCount "81"]
[EventDate "1998.04.10"]
[EventType "swiss"]
[EventRounds "7"]
[EventCountry "GER"]
[SourceTitle "EXT 1999"]
[Source "ChessBase"]
[SourceDate "1998.11.16"]
[SourceVersion "1"]
[SourceVersionDate "1998.11.16"]
[SourceQuality "1"]

1. Nf3 d5 2. d4 c6 3. c4 Nf6 4. Nc3 e6 5. e3 Nbd7 6. Bd3 dxc4 7. Bxc4 b5 8. Bd3 Bb7 9. 0-0 a6 10. e4 c5 11. d5 exd5 12. e5 Ne4 13. Re1 Be7 14. Nxe4 dxe4 15. Bxe4 Bxe4 16. Rxe4 0-0 17. Bf4 c4 18. Rd4 Ra7 19. a4 Rb7 20. axb5 axb5 21. Be3 Bc5 22. Rd5 Bxe3 23. fxe3 Qc7 24. Qd4 Nb8 25. Ra8 Qb6 26. Qxb6 Rxb6 27. Nd4 Nc6 28. Rxf8+ Kxf8 29. Rd6 c3 30. bxc3 Nxd4 31. Rxb6 Ne2+ 32. Kf2 Nxc3 33. Ke1 Nd5 34. Rxb5 Nxe3 35. Kf2 Nc2 36. Rc5 Nd4 37. Ke3 Ne6 38. Ra5 Ke7 39. Ra7+ Ke8 40. Ke4 h6 41. Kd5 1-0

[Event "Passau op 6th"]
[Site "Passau"]
[Date "1998.04.10"]
[Round "1"]
[White "Scharping, Hans Martin"]
[Black "Chocholka, Klaus Juergen"]
[Result "1-0"]
[WhiteElo "2050"]
[BlackElo "1600"]
[PlyCount "53"]
[EventDate "1998.04.10"]
[EventType "swiss"]
[EventRounds "7"]
[EventCountry "GER"]
[SourceTitle "EXT 1999"]
[Source "ChessBase"]
[SourceDate "1998.11.16"]
[SourceVersion "1"]
[SourceVersionDate "1998.11.16"]
[SourceQuality "1"]

1. Nf3 d5 2. d4 Nf6 3. c4 e6 4. e3 Be7 5. Nc3 b6 6. Bd3 dxc4 7. Bxc4 Bb7 8. 0-0 0-0 9. Qe2 Nbd7 10. e4 c5 11. Rd1 cxd4 12. Nxd4 Qc7 13. Bg5 Ne5 14. Bb3 Neg4 15. Nf3 h6 16. Bh4 Ne5 17. Rac1 Nxf3+ 18. Qxf3 Rac8 19. Nd5 Qxc1 20. Nxe7+ Kh7 21. Nxc8 Qxc8 22. Bxf6 gxf6 23. Qxf6 Bxe4 24. Qd4 Qb7 25. f3 Bc6 26. Qf6 e5 27. Rd6 1-0